000 00874nam a2200229 i 4500
001 148800
003 ES-MaACL
005 20250824072112.0
007 t|
008 070214s1930 sp ag |||| | spa d
100 1 _aSubirá, José,
_d1882-1980
_9108686
245 1 3 _aLa participación musical en el antiguo teatro español /
_cJosé Subirá.
260 _aBarcelona :
_b[s. n.],
_c1930 (
_fImp. de la Casa Provincial de Caridad)
300 _a101 p. :
_bil., mús. ;
_c17 cm.
490 1 _aPublicaciones del Instituto del Teatro Nacional ;
_v6
650 4 _aMúsica escénica-
_zEspaña.
_9162651
650 4 _aTeatro español-
_yS.XVI-XVII-
_xHistoria y crítica.
_917353
710 2 _aInstituto del Teatro Nacional.
_9172494
830 1 0 _aPublicaciones del Instituto del Teatro Nacional
_v6
_9187523
852 _aES-MaACL
_jC-8530
999 _c148800
_d148800